000
00309nam a2200109Ia 4500
008
200302s9999 xx 000 0 und d
100
_a
Le Corbusier
245
_a
the Modulor 2 1955 (Let the user speak next) Continuation of the modulor 1948
260
_b
Birkhauser Verlag Gmbh
260
_c
2016
300
_a
336
999
_c
7128
_d
7128